000 00939nam a2200193 a 4500
001 46749
005 20180714030436.0
008 140415s1989 mx 000 0 ita d
041 _aita
082 _a195
_bOPE
100 1 _aSCIACCA, MICHELE FEDERICO
245 1 0 _aLINTERIORITA OGGETTIVA
250 _a1a ed.
260 _aMEXICO :
_bLEPOS,
_c1989
300 _a134
_c14.2 x 1 x 22.5
490 _aOPERE DI MICHELE FEDERICO SCIACCA
520 _aCON QUESTO VOLUMETTO HA INIZIO LA PUBBLICAZIONE DELLE MIE OPERE COMPLETE. LE SPARSE MEMBRA, SE L´ANDRÁ A COMPIMENTO, TROVERANNO COSÍ UNITÁ IN UN CORPUS, CHE SPERO NON SIA IL LORO ULTIMO RIPOSO (NON SO NEPPURE SE MERITATO), MA QUALCOSA DI PIÚ; SE NON ALTRO IL DOCUMENTO DELLA VITA DI STUDIO E MEDITAZIONE DI UN UOMO CHE PRESSOCHÉ TUTTA LA SUA VITA INTELLETTUALE HA DEDICATO A VEDERCI UN PO´MENO OSCURAMENTE NELL´ENIGMA DELL´ESISTENZA.
650 1 4 _aMETAFISICA
999 _c46749
_d46749